000 00541nam a2200217Ia 4500
003 OSt
005 20220926043822.0
006 a|||||r|||| 00| 0
007 ta
008 220923b |||||||| |||| 00| 0 eng d
037 _cGeneral Book
040 _aRTL
_cRTL
_beng
041 _2eng
_aeng
082 _aY17wM18, K0
100 _aResek Carl
_9348265
245 0 _aLewis Henry Morgan American scholar
260 _c1960
650 _aRace
942 _hY17wM18, K0
_cGB
_2CC
999 _c673270
_d673270